000 00674nam a2200229 a 4500
999 _c8409
_d8409
001 8409
003 BD-JhCC
005 20180222190121.0
008 180222s1951 xxua|||| b||| 000 0 eng d
035 _a(BD-JhCC)8409
040 _aBD-JhCC
_dBD-JhCC
041 _aeng
082 _a680
_bIND 1951
245 _aIndustrial Arts In Oklahoma /
_cOklahoma State Department of Education,
260 _aOliyer Hodge :
_bState Superintendent of Public Instruction,
_c1951.
300 _a129 p. :
_bill.,
_c21 cm.
504 _aInclud Bibliographical Reference.
650 _aTechnology
710 _aOklahoma State Department of Education,
942 _2ddc
_cBK